banner koha

Carotenoides e valor de vitamina A em suco de maracuja processado [Passiflora edulis; Analise de alimento] (Registro n. 105838)

MARC details
000 -LÍDER
campo de controle de tamanho fixo 00921nas a2200277 4500
001 - NÚMERO DE CONTROLE
campo de controle BR8101064
003 - IDENTIFICADOR DO NÚMERO DE CONTROLE
campo de controle BR-BrBNA
005 - DATA E HORÁRIO DA ÚLTIMA TRANSAÇÃO
campo de controle 20231205084538.0
007 - CAMPO FIXO DE DESCRIÇÃO FÍSICA--INFORMAÇÃO GERAL
campo de controle de tamanho fixo ta
008 - CAMPO DE DADOS FIXOS--INFORMAÇÃO GERAL
campo de controle de tamanho fixo 230509b bl.|||p| |||| 00| 00por d
040 ## - FONTE DA CATALOGAÇÃO
Instituição da catalogação original BR-BrBNA
Idioma da catalogação por
Instituição que transcreveu o registro Biblioteca Nacional de Agricultura
041 ## - CÓDIGO DE IDIOMA
Código do idioma do texto/trilha sonora ou título diferente (Pt)
072 ## - CÓDIGO DE CATEGORIA DE ASSUNTO
Código de Categoria de Assunto S10
100 1# - ENTRADA PRINCIPAL--NOME PESSOAL
Nome pessoal Cecchi, H.M.
100 1# - ENTRADA PRINCIPAL--NOME PESSOAL
Nome pessoal Amaya, D.R.
245 1# - TÍTULO
Título Carotenoides e valor de vitamina A em suco de maracuja processado [Passiflora edulis; Analise de alimento]
246 1# - FORMA VARIANTE DO TÍTULO
Título/título abreviado Carotenoids and vitamin A value in processed passionfruit juice [Passiflora edulis; Food analysis]
650 ## - ASSUNTO--TERMO TÓPICO
Cabeçalho tópico ou nome geográfico Composicao de alimento
650 ## - ASSUNTO--TERMO TÓPICO
Cabeçalho tópico ou nome geográfico Suco
650 ## - ASSUNTO--TERMO TÓPICO
Cabeçalho tópico ou nome geográfico Maracuja
650 ## - ASSUNTO--TERMO TÓPICO
Cabeçalho tópico ou nome geográfico Vitamina A
650 ## - ASSUNTO--TERMO TÓPICO
Cabeçalho tópico ou nome geográfico Analise de alimento
773 0# - ENTRADA ANALÍTICA
Título Ciencia e Cultura (Brazil)
ISSN - International Standard Serial Number ISSN 0009-6725
Partes relacionadas (Jan 1981), v. 33(1) p. 72-76
Número de controle do registro BR8101064
909 ## -
-- 202311
-- Lúcia
-- 55
-- Lúcia Elande
942 ## - ELEMENTOS DE ENTRADA ADICIONADOS (KOHA)
Fonte da classificação ou esquema de arquivamento na estante Classificação AGRIS
Ocultar no OPAC Não
Tipo de material Koha Analítica
Exemplares
Situação do descarte Fonte da classificação ou esquema de arquivamento na estante Situação física Não pode ser emprestado Biblioteca de origem Biblioteca atual Localização na estante Enumeração do periódico / cronologia Total de empréstimos Data de último acesso Número do exemplar Tipo de material Koha Fonte de aquisição
  Classificação AGRIS   Consulta local Biblioteca Nacional de Agricultura - Binagri Biblioteca Nacional de Agricultura - Binagri   (Jan 1981), v. 33(1) p. 72-76   29/11/2023 01 Periódicos Portaria Interministerial nº 164/94

BINAGRI

Telefone: (61)3218-2567/2388/3357/2097 - binagri@agro.gov.br

Ministério da Agricultura e Pecuária , Esplanada dos Ministérios, Bloco D, Anexo B, Brasília/DF, CEP: 70.043-900